| 000 | 00703nam a2200229Ia 4500 | ||
|---|---|---|---|
| 001 | 15351 | ||
| 003 | GE_BSU | ||
| 008 | 181216s||||||||xx |||||||||||||| ||und|| | ||
| 020 | _a9992800267 | ||
| 040 | _cGE_BSU | ||
| 080 | _a821.353.1-1 | ||
| 100 | _aღანიშაშვილი,მიხეილ | ||
| 245 | _aბედისწერის ქიმზე | ||
| 245 | _bლექსები, პოემები. | ||
| 260 | _aთბილისი | ||
| 260 | _bამარანტები | ||
| 260 | _c1999 | ||
| 300 | _a166გვ.19სმ. | ||
| 653 | _aბედისწერის ქიმზე | ||
| 653 | _aლექსები, პოემები. | ||
| 942 | _cBK | ||
| 999 |
_c48457 _d48457 |
||